000 00217nam a22000857a 4500
999 _c11019
_d11019
008 180721b ||||| |||| 00| 0 eng d
100 _aWells,H.G.
_96807
245 _aThe Invisible Man
260 _aNew Delhi
_bCampfire
_c2016